[Event "Kuzbass-ch op"]
[Site "Kemerovo"]
[Date "2011.10.14"]
[Round "1"]
[White "Krasilnikov, Oleg"]
[Black "Mikhailov, Vladimir"]
[Result "0-1"]
[WhiteElo "2039"]
[BlackElo "2286"]
[PlyCount "62"]
[EventDate "2011.10.14"]
[EventType "swiss"]
[EventRounds "9"]
[EventCountry "RUS"]
[SourceTitle "EXT 2012"]
[Source "ChessBase"]
[SourceDate "2011.11.24"]
[SourceVersion "1"]
[SourceVersionDate "2011.11.24"]
[SourceQuality "1"]

1. e4 c5 2. f4 d5 3. exd5 Nf6 4. c4 e6 5. Nc3 exd5 6. cxd5 Nxd5 7. Bb5+ Nc6 8. Qa4 Ndb4 9. Nf3 Be7 10. 0-0 0-0 11. Bxc6 Nxc6 12. a3 Qd3 13. Ne5 Qd4+ 14. Qxd4 Nxd4 15. d3 Be6 16. Bd2 Rfd8 17. Rae1 Bf8 18. g4 f6 19. f5 Bb3 20. Nf3 Nc2 21. Re4 Rxd3 22. g5 Rad8 23. gxf6 gxf6 24. Rg4+ Kh8 25. Ne4 Be7 26. Bc3 Ne3 27. Nxf6 Rxc3 28. bxc3 Bxf6 29. Rb1 Nxg4 30. Rxb3 Rd3 31. Kg2 b6 0-1

[Event "Kuzbass-ch"]
[Site "Kemerovo"]
[Date "2010.10.28"]
[Round "7"]
[White "Riabov, Alexander"]
[Black "Krasilnikov, Oleg"]
[Result "1-0"]
[WhiteElo "2072"]
[BlackElo "2041"]
[PlyCount "89"]
[EventDate "2010.10.23"]
[EventType "swiss"]
[EventRounds "9"]
[EventCountry "RUS"]
[SourceTitle "EXT 2011"]
[Source "ChessBase"]
[SourceDate "2010.11.26"]
[SourceVersion "1"]
[SourceVersionDate "2010.11.26"]
[SourceQuality "1"]

1. d4 Nf6 2. c4 e6 3. g3 d5 4. Bg2 Bb4+ 5. Bd2 Be7 6. Nf3 0-0 7. Bc3 Ne4 8. 0-0 b6 9. Qc2 Bb7 10. Rd1 Nd7 11. Nbd2 f5 12. e3 Bd6 13. b4 c6 14. c5 Be7 15. Ne1 Ndf6 16. Ndf3 Ba6 17. Ne5 Rc8 18. a4 Nxc3 19. Qxc3 Be2 20. Rdc1 bxc5 21. bxc5 Ne4 22. Qc2 Ba6 23. f3 Nf6 24. Bf1 Bxf1 25. Kxf1 Nd7 26. N1d3 Nxe5 27. Nxe5 Bf6 28. Nd3 Qc7 29. f4 g5 30. a5 Rb8 31. Rcb1 gxf4 32. gxf4 Kh8 33. a6 Qg7 34. Qg2 Bxd4 35. exd4 Qxd4 36. Qe2 Qe4 37. Qxe4 fxe4 38. Ne5 Rxf4+ 39. Ke2 Rc8 40. Rb7 Rf5 41. Nf7+ Rxf7 42. Rxf7 d4 43. Rxa7 Rg8 44. Rf7 e3 45. a7 1-0

[Event "Kemerovo op"]
[Site "Kemerovo"]
[Date "2009.10.23"]
[Round "9"]
[White "Krasilnikov, Oleg"]
[Black "Riabov, Aleksandr"]
[Result "1/2-1/2"]
[WhiteElo "2082"]
[BlackElo "1993"]
[PlyCount "196"]
[EventDate "2009.10.16"]
[EventType "swiss"]
[EventRounds "9"]
[EventCountry "RUS"]
[SourceTitle "EXT 2010"]
[Source "ChessBase"]
[SourceDate "2010.11.25"]
[SourceVersion "1"]
[SourceVersionDate "2010.11.25"]
[SourceQuality "1"]

1. Nf3 c5 2. c4 Nf6 3. g3 d5 4. cxd5 Nxd5 5. Bg2 Nc6 6. 0-0 e5 7. Nc3 Nc7 8. d3 Be7 9. Qa4 0-0 10. a3 f6 11. Nb5 Ne6 12. Be3 Bd7 13. Qc2 Rc8 14. Nc3 Ncd4 15. Qd1 Bc6 16. Nh4 Bxg2 17. Nxg2 Qd7 18. a4 b6 19. Bd2 Rfd8 20. b3 Nc7 21. Ra2 Qe6 22. Rb2 f5 23. e3 Nc6 24. Qb1 a5 25. Rd1 Bf6 26. e4 g6 27. Ne3 Ne7 28. Nc4 Rd7 29. f3 Rcd8 30. Be3 Kg7 31. Bf2 h6 32. Re2 f4 33. g4 Nc8 34. Be1 Qe7 35. Rg2 Re8 36. Rdd2 Bh4 37. Bxh4 Qxh4 38. Qa1 Qf6 39. Qe1 g5 40. h4 Red8 41. Nb2 Ne7 42. Rge2 Qd6 43. hxg5 Qd4+ 44. Kf1 hxg5 45. Rh2 Ng6 46. Rh5 Kf6 47. Rdh2 Qb4 48. Rh6 Rg7 49. R2h5 Qxb3 50. Nc4 Rxd3 51. Nxe5 Qxc3 52. Nxd3 Qxd3+ 53. Kg2 Ne6 54. e5+ Kf7 55. Qe4 Qxe4 56. fxe4 Nxe5 57. Rh8 Nd7 58. Ra8 Ke7 59. Rh1 Kd6 60. Ra7 Kc6 61. Rh6 Re7 62. Kf2 c4 63. Ke2 Re8 64. Kd2 Ndc5 65. Kc3 Nxe4+ 66. Kxc4 N4c5 67. Rg7 Rf8 68. Rxg5 Kd7 69. Rf5 Rg8 70. Rh7+ Kd6 71. Rh4 Rg6 72. g5 Kc6 73. Rh6 Rg7 74. g6 Nxa4 75. Rf7 Nac5 76. Rxg7 Nxg7 77. Rh8 b5+ 78. Kd4 Nce6+ 79. Ke5 f3 80. Rh3 Ng5 81. Rh2 Kc5 82. Kf6 N5e6 83. Rf2 b4 84. Rxf3 Kd5 85. Rd3+ Kc4 86. Rd6 Nf4 87. Kxg7 Nxg6 88. Kxg6 b3 89. Kf5 a4 90. Ke4 a3 91. Rc6+ Kb5 92. Rc8 a2 93. Kd5 Kb4 94. Rb8+ Kc3 95. Rc8+ Kd3 96. Ra8 Kc2 97. Kc4 Kb2 98. Kb4 Kc2 1/2-1/2

[Event "Kemerovo op"]
[Site "Kemerovo"]
[Date "2009.10.19"]
[Round "5"]
[White "Savintsev, Dmitriy"]
[Black "Krasilnikov, Oleg"]
[Result "1-0"]
[WhiteElo "1838"]
[BlackElo "2082"]
[PlyCount "82"]
[EventDate "2009.10.16"]
[EventType "swiss"]
[EventRounds "9"]
[EventCountry "RUS"]
[SourceTitle "EXT 2010"]
[Source "ChessBase"]
[SourceDate "2010.11.25"]
[SourceVersion "1"]
[SourceVersionDate "2010.11.25"]
[SourceQuality "1"]

1. f4 Nf6 2. Nf3 e6 3. d3 d5 4. g3 b6 5. Bg2 Bb7 6. 0-0 Bc5+ 7. e3 0-0 8. Nc3 Nbd7 9. h3 Re8 10. Kh1 a6 11. g4 Bd6 12. d4 b5 13. Ne5 b4 14. Ne2 Ne4 15. Bxe4 dxe4 16. Ng3 Qh4 17. Kh2 Nb6 18. Bd2 f6 19. g5 fxg5 20. f5 Nc4 21. Qe1 Nxe5 22. dxe5 Bxe5 23. Kg2 g4 24. Rh1 c5 25. c3 a5 26. cxb4 axb4 27. Rc1 Bxg3 28. Qxg3 Qxg3+ 29. Kxg3 exf5 30. Rxc5 Rf8 31. Bxb4 g5 32. hxg4 f4+ 33. Kg2 Rf7 34. Rxg5+ Rg7 35. Rxg7+ Kxg7 36. Rc1 Bc8 37. Rh1 fxe3 38. Bc3+ Kf7 39. Rxh7+ Kg6 40. Rg7+ Kh6 41. Kg3 Bb7 1-0

[Event "Kemerovo op"]
[Site "Kemerovo"]
[Date "2009.10.18"]
[Round "4"]
[White "Krasilnikov, Oleg"]
[Black "Sazhinov, Alexander"]
[Result "0-1"]
[WhiteElo "2082"]
[BlackElo "2327"]
[PlyCount "104"]
[EventDate "2009.10.16"]
[EventType "swiss"]
[EventRounds "9"]
[EventCountry "RUS"]
[SourceTitle "EXT 2010"]
[Source "ChessBase"]
[SourceDate "2010.11.25"]
[SourceVersion "1"]
[SourceVersionDate "2010.11.25"]
[SourceQuality "1"]

1. Nf3 c5 2. c4 Nc6 3. b3 Nf6 4. g3 d6 5. Bb2 g6 6. Bg2 Bg7 7. 0-0 Bd7 8. Nc3 Kf8 9. Nd5 Nxd5 10. Bxg7+ Kxg7 11. cxd5 Nd4 12. e3 Nxf3+ 13. Bxf3 Bh3 14. Re1 h5 15. d4 b6 16. e4 cxd4 17. Qxd4+ f6 18. Bg2 Qd7 19. f4 h4 20. Bxh3 Qxh3 21. Qf2 Rh5 22. Re3 Rah8 23. gxh4 Qxh4 24. Qxh4 Rxh4 25. Re2 Rg4+ 26. Kh1 Rxf4 27. Rc1 Rhh4 28. Rc7 Kf7 29. Rxa7 Rxe4 30. Rxe4 Rxe4 31. a3 Re3 32. b4 Rd3 33. Ra6 b5 34. Ra5 Rxd5 35. a4 Rd1+ 36. Kg2 bxa4 37. Rxa4 Rd2+ 38. Kf3 Rb2 39. Ke3 f5 40. Kd3 f4 41. Kc3 Rxh2 42. b5 g5 43. Ra8 f3 44. b6 f2 45. Ra1 g4 46. b7 Rh8 47. Kd3 Rb8 48. Ke2 Rxb7 49. Kxf2 Kf6 50. Kg3 Kg5 51. Ra4 Rb3+ 52. Kg2 e5 0-1